| 000 | 00607nam a2200145Ia 4500 | ||
|---|---|---|---|
| 008 | 170221s9999 xx 000 0 und d | ||
| 100 | _aMurray S. Anthony | ||
| 245 | _aDeveloping sound long-term portfolio strategy for churches and other religious organizations | ||
| 245 | _cMurray S. Anthony, East Tennessee State University; Gary D. Burkette, East Tennessee State University; Shelby G. Sparks, Viking Machinery Company. | ||
| 260 | _bJournal of Management and Marketing Research | ||
| 260 | _c2012 | ||
| 300 | _a32 : 15 | ||
| 650 | _xBusiness | ||
| 856 | _uhttp://www.aabri.com/manuscripts/121188.pdf | ||
| 999 |
_c311345 _d311345 |
||